Zgadnij państwo po podpowiedzi - Statystyki

Ogólne statystyki
  • Ten quiz został rozwiązany 290 razy
  • Średni wynik to 11 z 30
Statystyki odpowiedzi
Hint Odpowiedź % Poprawnych
Państwo w Europie, które jako jedyne stosuje karę śmierci. Białoruś
71%
Jedno z najbardziej zinformatyzowanych państw świata. Państwo byłego ZSRR. Około 25% tego kraju stanowią Rosjanie. Estonia
70%
Według danych z 2012 r. najbiedniejszy kraj w Europie. Znany z produkcji wina. Mołdawia
70%
Państwo, z którego pochodzą frytki francuskie. Belgia
65%
Kraj ten wspomagał ZSRR podczas wojny polsko-bolszewickiej, za co dostał terytorium, które później i tak trafiło do Polski. Litwa
48%
Kraj, który był punktem zapalnym do rozpoczęcia I Wojny Światowej. Serbia
48%
najrzadziej zaludniony kraj w Europie. Prezydent tego państwa przybywając kiedyś do Polski powiedział, że „Całe pokolenie ....... wyrosło na dwóch rzeczach – amerykańskiej coca-coli i polskim Prince Polo”. Islandia
46%
Do 2011 r. był największym państwem w Afryce. Po secesji południowej części spadł na trzecie miejsce, ustępując miejsca Algierii i Demokratycznej Republice Konga. Sudan
42%
Afrykańskie państwo, które nigdy nie było skolonizowane.Dawniej nosiło nazwę Abisynia. Etiopia
40%
W 1921 r. kraj ten podpisał z Polską układ o wzajemnej pomocy w razie ataku ZSRR. Rumunia
40%
Kraj z największą liczbą wysp na świecie. Indonezja
39%
Kraj ten posiada trzy stolice, przy czym żadne z tych miast nie jest największym w kraju. Nazwa państwa pochodzi od położenia geograficznego. RPA
39%
Kraj ten leży dokładnie na równiku, stąd też jego nazwa, która pochodzi z języka hiszpańskiego i oznacza właśnie równik. Ekwador
37%
Największe państwo śródlądowe na świecie. Mongolia
37%
Jest krajem podwójnie śródlądowym.Leży w Europie. Liechtenstein
36%
Uczestnik jednej z największej powojennej korekty granicznej w Europie z 1951. W zamian za ubogą glebę kraj ten oddał ziemię z bogatym złożem węgla kamiennego. Polska
36%
Gdyby wliczyć wszystkie regiony autonomiczne tego państwa, byłby drugim państwem w Europie pod względem wielkości. Dania
35%
Państwo toczące udaną wojnę obronną z Włochami w latach 1940-1941. Dopiero interwencja III Rzeszy doprowadziła do kapitulacji tego państwa. Grecja
35%
Kraj ten uzyskał niepodległość w 2006 r. kiedy to odłączył się od swojego sąsiada. Ma najwyższą średnią sum opadów w Europie. Czarnogóra
34%
Kraj ten brał udział w wojnie zimowej. Mimo straty części terenów udało mu się uchronić niezależność, a także zadać ogromne straty agresorowi. Finlandia
33%
Po I wojnie światowej państwo to straciło około 71% swojego terytorium. W rozbiorze tego państwa brała udział m.in. Polska. Węgry
32%
Państwo, które najdłużej posiadało ustrój faszystowski w Europie. Hiszpania
31%
Kraj ten brał udział w wojnie trójprzymierza stoczonej w latach 1864-1870. W wyniku tej wojny ponad 50% populacji tego państwa straciło życie, w tym 90% męskiej populacji. Był to najkrwawszy konflikt w historii Ameryki Południowej. Paragwaj
28%
Państwo, którego obywatele doświadczyli ogromnego ludobójstwa w czasie I Wojny Światowej wywołanego przez Imperium Osmańskie.W wyniku ludobójstwa zginęło około półtora miliona osób. Armenia
26%
Państwo byłego Paktu Warszawskiego, które jako jedyne wsparło Chiny w kryzysie radziecko-chińskim. Albania
25%
kraj ten prowadził w 1982r. konflikt zbrojny z Wielką Brytanii. Skutkiem tej wojny był upadek w tym kraju junty wojskowej i wprowadzenie demokracji Argentyna
24%
Kraj ten dzieli się na 5 stref czasowych.Cechą charakterystyczną dla tego kraju jest występowanie rzek epizodycznych. Australia
21%
Kraj, który jako jedyny będąc państwem osi po II Wojnie Światowej zyskał terytorium. Bułgaria
21%
Państwo totalitarne w latach 1939-1945 na czele, którego stał ksiądz. Słowacja
19%
Państwo to władało niegdyś własną kolonią-karaibską wyspą Tobago,stając się najmniejszym narodem, który kiedykolwiek posiadał terytorium zamorskie. Łotwa
14%
Nie znaleziono quizów pasujących do podanych kryteriów
Rozkład punktacji
Procent ludzi z każdym wynikiem
Percentyl według liczby udzielonych odpowiedzi
Twoja historia wyników
Nie rozwiązałeś tego quizu